|
|
|
|
| LEADER |
00000nas a2200000 a 4500 |
| 001 |
ssj0000494538 |
| 003 |
WaSeSS |
| 005 |
20200512172242.0 |
| 006 |
m d |
| 007 |
cr n |
| 008 |
080904c20099999paufr p s | a0eng c |
| 010 |
|
|
|a 2008202083
|
| 016 |
7 |
|
|a 2616874-1
|2 DE-600
|
| 016 |
7 |
|
|a 101604321
|2 DNLM
|
| 022 |
|
|
|a 1945-2020
|
| 035 |
|
|
|a (WaSeSS)ssj0000494538
|
| 037 |
|
|
|b University Library System, University of Pittsburgh, 7500 Thomas Boulevard, Pittsburgh, PA 15260
|
| 040 |
|
|
|a NSD
|b eng
|c NSD
|d DLC
|d HEBIS
|d PFM
|d DLC
|d OCLCQ
|d NLM
|d OCLCF
|d CUS
|d OCLCO
|d OCLCQ
|d OCLCO
|d OCLCQ
|d CASUM
|d OCLCO
|d OCLCA
|d AU@
|d OCLCA
|d WaSeSS
|
| 042 |
|
|
|a pcc
|a nsdp
|
| 050 |
1 |
4 |
|a R119.9
|
| 060 |
1 |
0 |
|a W1
|
| 082 |
0 |
0 |
|a 344.041
|2 23
|
| 222 |
|
0 |
|a International journal of telerehabilitation
|
| 245 |
0 |
0 |
|a International journal of telerehabilitation
|h [electronic resource].
|
| 260 |
|
|
|a Pittsburgh, PA :
|b University Library System, University of Pittsburgh
|
| 310 |
|
|
|a Twice a year
|
| 362 |
1 |
|
|a Began with vol. 1, no. 1 (fall 2009).
|
| 506 |
|
|
|a License restrictions may limit access.
|
| 515 |
|
|
|a Vol. 1, no. 1 preceded by Special Prepublication issue (fall 2008).
|
| 588 |
|
|
|a Description based on: Vol. 1, no. 1 (fall 2009); title from journal home page (publisher's Web site, viewed Aug. 20, 2012).
|
| 588 |
|
|
|a Latest issue consulted: Vol. 4, no. 1 (spring 2012) (viewed Apr. 23, 2013).
|
| 650 |
|
0 |
|a Telecommunication in medicine
|v Periodicals.
|
| 650 |
|
0 |
|a Rehabilitation
|v Periodicals.
|
| 650 |
1 |
2 |
|a Telemedicine.
|
| 650 |
2 |
2 |
|a Rehabilitation.
|
| 650 |
|
7 |
|a Rehabilitation.
|2 fast
|0 (OCoLC)fst01093291
|
| 650 |
|
7 |
|a Telecommunication in medicine.
|2 fast
|0 (OCoLC)fst01146012
|
| 655 |
|
0 |
|a Electronic journals.
|
| 710 |
2 |
|
|a University of Pittsburgh.
|b University Library System.
|
| 856 |
4 |
0 |
|z Full text available from Research Library: 10/01/2012 to present
|u https://search.proquest.com/publication/2029660
|